01018nam a2200217Ia 4500008004100000082001600041100001500057245008600072250000800158260003100166300001100197500002400208650001400232942000700246952010600253952010600359952010600465952010600571952010600677999001700783230524s9999 xx 000 0 und d a658.12bKAP aK.L.Kapoor 0a"A Text Book of Physical Chemistry Vol-4: (Dyna. Chemical Reactions, Sta.Thermo)" a2ND aNEW DELHIbMacmillanc2009 aXI;285 aQuantity Number: 5 aChemistry cBK 00104070aTATCLbTATCLcGENd2023-05-24l0o658.12 KAPp36622r2023-05-24w2023-05-24yBKzBSCC2203 00104070aTATCLbTATCLcGENd2023-05-24l0o658.12 KAPp36623r2023-05-24w2023-05-24yBKzBSCC2203 00104070aTATCLbTATCLcGENd2023-05-24l0o658.12 KAPp36624r2023-05-24w2023-05-24yBKzBSCC2203 00104070aTATCLbTATCLcGENd2023-05-24l0o658.12 KAPp36625r2023-05-24w2023-05-24yBKzBSCC2203 00104070aTATCLbTATCLcGENd2023-05-24l0o658.12 KAPp36626r2023-05-24w2023-05-24yBKzBSCC2203 c46322d46322